00761nam a2200205 a 450000100100000000500170001000800410002702000150006804000250008310000150010824000600012324500860018326000720026930000170034149000330035850000340039170000300042571000650045583000350052000003937820201002031624.0130625s1985 sp 000 0 spa d a8400060067 aDO-SdBNPbspacBNPHU1 aaIbn Ezra,10aMuòh¯aòdarah wa-al-mudh¯akarah.lSpanish & Arabic10aKitab al-muhadara Wal-Mudakara /caIbn Ezra ; edición Montserrat Abumalhan Mas. aMadrid :bConsejo Superior de Investigaciones Científicas,c1985. av. ;c23 cm.1 aLiteratura hispano-hebreav3 aLa biblioteca posee el v. 1-21 aAbumalhan Mas, Montserrat2 aConsejo Superior de Investigaciones Científicas (España) 0aLiteratura hispano-hebreav3-4